Renesancia jazdeckého športu a architektúra

Podrobná bibliografia
Hlavní autori: Ilkovičová, Ľ. (Autor), Ilkovič, Ján, 1957- (Autor)
Médium: Článok
Jazyk:slovenčina
Fyzický popis:Fotogr.
ISSN:1335-1249
Predmet:

MARC

LEADER 00000nab a2200000 a 4500
001 vtls000748575
003 SK-MaSNL
005 20260426081636.0
008 250429c2000 xo 0 slo
015 |a SNBRB2001/02-06041 
035 |a CLN000100399 
035 |a urn:nbn:sk:snk-abahbh 
035 |a (urnnbn)urn:nbn:sk:snk:ar-008e95 
035 |a (uuid)381b9b24-0cbe-4f59-802e-ffdc6e24d99c 
040 |a SNKBUCL  |b slo  |c SNKBUCL  |e AACR2 
041 0 |a slo 
044 |a xo  |c SK 
080 |a 798.2(437.6)  |2 1997 
080 |a 636.1(437.6)  |2 1997 
100 1 |a Ilkovičová, Ľ.  |4 aut  |9 1400602 
245 1 0 |a Renesancia jazdeckého športu a architektúra  |c Ľ. Ilkovičová, J. Ilkovič 
300 |b Fotogr. 
650 0 7 |a jazdectvo  |2 SNKPH  |9 3225 
650 0 7 |a kone  |2 SNKPH  |9 2809 
650 0 7 |a chov koní  |2 SNKPH  |9 30011 
651 7 |a Slovensko  |2 SNKPHgeo  |9 14231 
655 7 |a články z novín a časopisov  |2 SNK  |9 267496 
700 1 |a Ilkovič, Ján,  |d 1957-  |4 aut  |9 9626 
773 0 |t Eurostav  |g Roč. 6, č. 8 (2000), s. 30-32  |x 1335-1249 
850 |a Slovenská národná knižnica 
852 |a Slovenská národná knižnica 
954 |a odborná, vedecká literatúra pôvodná (slovenská)  |2 lita 
958 |a article14 
958 |a OND 
958 |a SK 
958 |a EUIPO 
992 |a RBX 
999 |c 2847751  |d 2849681